000 005550000a22002050004500
003 LK-CoMWRAF
005 20231019214611.0
008 230817t ||||| |||| 00| 0 eng d
020 _a955906911X
040 _aLK-CoMWRAF
_dLK-CoMWRAF
_eLK-CoMWRAF
041 _aeng
082 _a823
_bRAN
100 _aRanasinghe, Anne
245 _aDesire and other stories
260 _aColombo :
_bEnglish writers cooperative of Sri Lanka,
_c1995
300 _av, 144p. 20cm
650 _aEnglish Fiction
650 _aSri Lankan Fiction--English
942 _cBK
999 _c1134
_d1134